鉄道駅は無いが道の駅がある市町村 - Statistics

General Stats
  • This quiz has been taken 34 times
  • The average score is 74 of 227
Answer Stats
都道府県 市町村 道の駅 % Correct
鹿児島県 奄美市 奄美大島住用
65%
北海道 留萌市 るもい
60%
大阪府 千早赤阪村 ちはやあかさか
60%
北海道 江差町 江差
55%
北海道 日高町 樹海ロード日高
55%
新潟県 佐渡市 あいぽーと佐渡
55%
石川県 輪島市 千枚田ポケットパーク など
55%
石川県 珠洲市 すず塩田村 など
55%
石川県 能登町 桜峠
55%
岐阜県 白川村 白川郷 など
55%
静岡県 御前崎市 風のマルシェ 御前崎
55%
兵庫県 南あわじ市 うずしお など
55%
長崎県 南島原市 ひまわり
55%
北海道 紋別市 オホーツク紋別
50%
北海道 三笠市 三笠
50%
埼玉県 東秩父村 和紙の里ひがしちちぶ
50%
石川県 志賀町 とぎ海街道 など
50%
山梨県 小菅村 こすげ
50%
岐阜県 東白川村 茶の里東白川
50%
大阪府 河南町 かなん
50%
兵庫県 淡路市 あわじ など
50%
奈良県 上北山村 吉野路 上北山
50%
熊本県 天草市 有明 など
50%
鹿児島県 垂水市 たるみず など
50%
沖縄県 名護市 許田
50%
北海道 歌志内市 うたしないチロルの湯
45%
北海道 知内町 しりうち
45%
北海道 雨竜町 田園の里うりゅう
45%
北海道 猿払村 さるふつ公園
45%
北海道 枝幸町 マリーンアイランド岡島
45%
北海道 興部町 おこっぺ
45%
山梨県 丹波山村 たばやま
45%
静岡県 南伊豆町 下賀茂温泉 湯の花
45%
静岡県 松崎町 花の三聖苑伊豆松崎
45%
愛知県 設楽町 つぐ高原グリーンパーク など
45%
愛知県 豊根村 豊根グリーンポート宮嶋
45%
大阪府 能勢町 能勢(くりの郷)
45%
奈良県 十津川村 十津川郷
45%
岡山県 新庄村 がいせん桜 新庄宿
45%
高知県 室戸市 キラメッセ室戸
45%
長崎県 五島市 遣唐使ふるさと館
45%
熊本県 上天草市 上天草さんぱーる
45%
宮崎県 高千穂町 高千穂
45%
北海道 石狩市 石狩「あいろーど厚田」
40%
北海道 北竜町 サンフラワー北竜
40%
北海道 天塩町 てしお
40%
北海道 浜頓別町 北オホーツクはまとんべつ
40%
北海道 中頓別町 ピンネシリ
40%
北海道 西興部村 にしおこっぺ花夢
40%
北海道 新ひだか町 みついし
40%
北海道 大樹町 コスモール大樹
40%
北海道 本別町 ステラ★ほんべつ
40%
北海道 羅臼町 知床・らうす
40%
岩手県 陸前高田市 高田松原
40%
岩手県 九戸村 おりつめ
40%
福島県 檜枝岐村 尾瀬檜枝岐
40%
群馬県 上野村 上野
40%
神奈川県 清川村 清川
40%
長野県 売木村 南信州 うるぎ
40%
長野県 大鹿村 歌舞伎の里大鹿
40%
京都府 伊根町 舟屋の里伊根
40%
兵庫県 宍粟市 はが など
40%
奈良県 御杖村 伊勢本街道 御杖
40%
和歌山県 北山村 おくとろ
40%
広島県 神石高原町 さんわ182ステーション
40%
山口県 周防大島町 サザンセトとうわ
40%
香川県 土庄町 大坂城残石記念公園
40%
香川県 小豆島町 小豆島オリーブ公園 など
40%
愛媛県 久万高原町 みかわ など
40%
沖縄県 糸満市 いとまん
40%
沖縄県 豊見城市 豊崎
40%
沖縄県 東村 サンライズひがし
40%
沖縄県 宜野座村 ぎのざ
40%
北海道 松前町 北前船 松前
35%
北海道 福島町 横綱の里ふくしま
35%
北海道 せたな町 てっくいランド大成
35%
北海道 寿都町 みなとま~れ寿都
35%
北海道 南富良野町 南ふらの
35%
北海道 小平町 おびら鰊番屋
35%
北海道 羽幌町 ほっと♡はぼろ
35%
北海道 初山別村 ☆ロマン街道しょさんべつ
35%
北海道 佐呂間町 サロマ湖
35%
北海道 新冠町 サラブレッドロード新冠
35%
北海道 士幌町 ピア21しほろ など
35%
北海道 上士幌町 かみしほろ
35%
北海道 中札内村 なかさつない
35%
北海道 足寄町 あしょろ銀河ホール21
35%
北海道 陸別町 オーロラタウン93りくべつ
35%
北海道 別海町 おだいとう
35%
秋田県 上小阿仁村 かみこあに
35%
山梨県 南アルプス市 しらね
35%
山梨県 道志村 どうし
35%
長野県 立科町 女神の里たてしな
35%
長野県 小川村 おがわ
35%
滋賀県 竜王町 竜王かがみの里 など
35%
兵庫県 多可町 杉原紙の里・多可 など
35%
奈良県 川上村 杉の湯 川上
35%
鳥取県 三朝町 三朝・楽市楽座
35%
岡山県 吉備中央町 かもがわ円城 など
35%
広島県 安芸太田町 来夢とごうち
35%
広島県 北広島町 豊平どんぐり村 など
35%
山口県 上関町 上関海峡
35%
愛媛県 愛南町 みしょうMIC
35%
高知県 土佐清水市 めじかの里土佐清水
35%
長崎県 西海市 さいかい
35%
大分県 国東市 くにさき など
35%
鹿児島県 南大隅町 根占
35%
沖縄県 大宜味村 おおぎみ
35%
北海道 留寿都村 230ルスツ
30%
北海道 喜茂別町 望羊中山
30%
北海道 京極町 名水の郷きょうごく
30%
北海道 神恵内村 オスコイ!かもえない
30%
北海道 浦臼町 つるぬま
30%
北海道 東川町 ひがしかわ「道草館」
30%
北海道 湧別町 かみゆうべつ温泉チューリップの湯 など
30%
北海道 雄武町 おうむ
30%
青森県 十和田市 奥入瀬 など
30%
青森県 六戸町 ろくのへ
30%
宮城県 大郷町 おおさと
30%
秋田県 大潟村 おおがた
30%
秋田県 羽後町 うご
30%
山形県 西川町 にしかわ
30%
山形県 三川町 庄内みかわ
30%
福島県 昭和村 からむし織の里しょうわ
30%
茨城県 境町 さかい
30%
栃木県 塩谷町 湧水の郷しおや
30%
群馬県 草津町 草津運動茶屋公園
30%
群馬県 片品村 尾瀬かたしな
30%
群馬県 川場村 川場田園プラザ
30%
埼玉県 小鹿野町 両神温泉薬師の湯
30%
長野県 長和町 マルメロの駅ながと など
30%
長野県 阿南町 信州新野千石平
30%
長野県 平谷村 信州平谷
30%
長野県 池田町 池田
30%
大阪府 太子町 近つ飛鳥の里太子
30%
奈良県 黒滝村 吉野路 黒滝
30%
和歌山県 古座川町 一枚岩 など
30%
島根県 飯南町 頓原 など
30%
島根県 川本町 インフォメーションセンターかわもと
30%
島根県 邑南町 瑞穂
30%
島根県 吉賀町 かきのきむら など
30%
徳島県 勝浦町 ひなの里かつうら
30%
愛媛県 伊方町 佐田岬半島ミュージアム など
30%
高知県 土佐町 土佐さめうら
30%
福岡県 八女市 たちばな
30%
熊本県 菊池市 旭志 など
30%
熊本県 小国町 小国
30%
鹿児島県 南さつま市 きんぽう木花館
30%
鹿児島県 長島町 長島 など
30%
鹿児島県 徳之島町 とくのしま
30%
沖縄県 国頭村 ゆいゆい国頭 など
30%
沖縄県 読谷村 喜名番所
30%
北海道 新篠津村 しんしのつ
25%
北海道 上ノ国町 上ノ国もんじゅ
25%
北海道 厚沢部町 あっさぶ
25%
北海道 岩内町 いわない
25%
北海道 赤井川村 あかいがわ
25%
北海道 月形町 275つきがた
25%
北海道 幌加内町 森と湖の里ほろかない
25%
北海道 苫前町 風Wとままえ
25%
北海道 遠別町 えんべつ富士見
25%
北海道 津別町 あいおい
25%
北海道 壮瞥町 そうべつ情報館i(アイ)
25%
青森県 西目屋村 津軽白神
25%
岩手県 葛巻町 くずまき高原
25%
宮城県 七ヶ宿町 七ヶ宿
25%
宮城県 村田町 村田
25%
宮城県 南三陸町 さんさん南三陸
25%
秋田県 小坂町 こさか七滝 など
25%
秋田県 五城目町 五城目
25%
茨城県 城里町 かつら
25%
群馬県 吉岡町 よしおか温泉
25%
群馬県 神流町 万葉の里
25%
群馬県 高山村 中山盆地
25%
埼玉県 吉見町 いちごの里 よしみ
25%
山梨県 鳴沢村 なるさわ
25%
長野県 青木村 あおき
25%
長野県 下條村 信濃路下條
25%
長野県 豊丘村 南信州とよおかマルシェ
25%
長野県 木島平村 FARMUS 木島平
25%
長野県 野沢温泉村 野沢温泉
25%
岐阜県 大野町 パレットピアおおの
25%
徳島県 阿波市 どなり
25%
徳島県 那賀町 鷲の里 など
25%
高知県 東洋町 東洋町
25%
福岡県 東峰村 小石原
25%
熊本県 山鹿市 鹿北 など
25%
北海道 音更町 おとふけ など
20%
北海道 鹿追町 しかおい など
20%
北海道 更別村 さらべつ
20%
青森県 新郷村 しんごう
20%
山形県 河北町 河北
20%
山形県 朝日町 あさひまち
20%
福島県 北塩原村 裏磐梯
20%
福島県 古殿町 ふるどの
20%
茨城県 行方市 たまつくり
20%
栃木県 那珂川町 ばとう
20%
群馬県 南牧村 オアシスなんもく
20%
山梨県 富士川町 富士川
20%
長野県 生坂村 いくさかの郷
20%
高知県 大月町 大月
20%
熊本県 美里町 美里「佐俣の湯」
20%
沖縄県 嘉手納町 かでな
20%
北海道 乙部町 ルート229元和台
15%
北海道 島牧村 よってけ!島牧
15%
北海道 真狩村 真狩フラワーセンター
15%
北海道 滝上町 香りの里たきのうえ
15%
福島県 川俣町 川俣
15%
福島県 平田村 ひらた
15%
福島県 飯舘村 いいたて村の道の駅までい館
15%
茨城県 五霞町 ごか
15%
群馬県 玉村町 玉村宿
15%
岡山県 鏡野町 奥津温泉
15%
徳島県 神山町 温泉の里神山
15%
愛媛県 砥部町 ひろた
15%
福岡県 大任町 おおとう桜街道
15%
熊本県 山都町 清和文楽邑 など
15%
熊本県 五木村 子守唄の里 五木
15%
宮崎県 日之影町 青雲橋
15%
鹿児島県 錦江町 錦江にしきの里
15%
福島県 天栄村 羽鳥湖高原 など
10%
島根県 美郷町 グリーンロード大和
10%
福岡県 上毛町 しんよしとみ
10%
熊本県 氷川町 竜北
10%
鹿児島県 大崎町 くにの松原おおさき など
10%
高知県 津野町 布施ヶ坂
5%
熊本県 和水町 きくすい
5%
No matching quizzes found
Score Distribution
Percent of People with Each Score
Percentile by Number Answered
Your Score History
You have not taken this quiz